000 00906nam a2200229Ia 4500
001 15139
003 GE_BSU
008 181216s||||||||xx |||||||||||||| ||und||
040 _cGE_BSU
080 _a821.353.1-32+821.353.1-31
100 _aყაზბეგი,ალექსანდრე
245 _aთხზულებანი ორ ტომად. ტ.2
245 _bმოთხრობები და რომანები.
245 _cვარიანტები და შენიშვნები ს.ყუბანეიშვილისა. მხატვ. ო.ჯიშკარიანი
260 _aთბილისი
260 _bმერანი
260 _c1962
300 _a561გვ.20სმ.
300 _eლექსიკონი შოთა ძიძიგურისა.
653 _aთხზულებანი
942 _cBK
999 _c48255
_d48255